000 00326nam a22001337a 4500
008 171031b xxu||||| |||| 00| 0 eng d
020 _a9780030354182
041 _aeng
080 _23RD
_a33
100 _a59
101 _aBUS
245 _aCONTEMPORARY MATHEMATICS FOR BUSINESS AND CONSUMER
_cBRECHNER,R.A
942 _2udc
_cBK
999 _c36861
_d36861